[Event "Titled Tuesday intern op 11th Apr Early"]
[Site "Chess.com INT"]
[Date "2023.04.11"]
[Round "2"]
[White "Rottenwohrer Suarez, Juan"]
[Black "Jaferian, Koosha"]
[Result "0-1"]
[WhiteElo "2278"]
[BlackElo "2233"]
[PlyCount "56"]
[EventDate "2023.04.11"]
[EventType "swiss (blitz)"]
[EventRounds "11"]
[EventCountry "USA"]
[SourceTitle "CBM 213 Extra"]
[Source "ChessBase"]
[SourceDate "2023.05.31"]
[SourceVersion "1"]
[SourceVersionDate "2023.05.31"]
[SourceQuality "1"]

1. d4 Nf6 2. c4 e6 3. Nc3 Bb4 4. Qc2 0-0 5. Nf3 d5 6. cxd5 exd5 7. Bg5 h6 8. Bxf6 Qxf6 9. a3 Bxc3+ 10. Qxc3 c6 11. e3 Bf5 12. Be2 Nd7 13. 0-0 Rfe8 14. b4 Bg4 15. h3 Bh5 16. Rfe1 Nb6 17. a4 Nc4 18. Bxc4 Bxf3 19. Bf1 Be4 20. b5 Re6 21. bxc6 Rxc6 22. Qb3 Rb6 23. Qa3 Qg5 24. Rac1 Bxg2 25. Bxg2 Rg6 26. Kf1 Qxg2+ 27. Ke2 Qxh3 28. Rc7 Rf6 0-1

[Event "Ivy League Challenge 5th"]
[Site "Toronto"]
[Date "2023.03.25"]
[Round "3"]
[White "Jaferian, Koosha"]
[Black "Balakrishnan, Praveen"]
[Result "0-1"]
[WhiteElo "2242"]
[BlackElo "2523"]
[PlyCount "70"]
[EventDate "2023.03.24"]
[EventType "team-tourn"]
[EventRounds "5"]
[EventCountry "CAN"]
[SourceTitle "CBM 213 Extra"]
[Source "ChessBase"]
[SourceDate "2023.05.31"]
[SourceVersion "1"]
[SourceVersionDate "2023.05.31"]
[SourceQuality "1"]
[WhiteTeam "Toronto Univ II"]
[BlackTeam "Chicago Univ"]
[WhiteTeamCountry "CAN"]
[BlackTeamCountry "USA"]

1. d4 Nf6 2. c4 e6 3. Nf3 d5 4. Nc3 Bb4 5. cxd5 exd5 6. Bg5 h6 7. Bh4 0-0 8. e3 Bf5 9. Be2 Nbd7 10. Qb3 Qe7 11. a3 Bxc3+ 12. Qxc3 Qe6 13. Nd2 Ne4 14. Nxe4 Qxe4 15. Bg3 Qxg2 16. Rf1 Rfc8 17. b4 a5 18. f3 Bg6 19. Rf2 Qh3 20. Rc1 c6 21. Bf1 Qe6 22. Rb2 axb4 23. axb4 Nb6 24. Qb3 Ra4 25. Kf2 Rca8 26. Rc3 Ra1 27. Rd2 Rb1 28. Rb2 Rba1 29. Rd2 Na4 30. Rcc2 Bxc2 31. Qxc2 Nb6 32. e4 dxe4 33. Qxe4 R8a2 34. Rxa2 Rxa2+ 35. Be2 Nd5 0-1

[Event "Titled Tuesday intern op 21st Mar Late"]
[Site "Chess.com INT"]
[Date "2023.03.21"]
[Round "6"]
[White "Forgacs, Attila Jr"]
[Black "Jaferian, Koosha"]
[Result "0-1"]
[WhiteElo "2259"]
[BlackElo "2242"]
[PlyCount "82"]
[EventDate "2023.03.21"]
[EventType "swiss (blitz)"]
[EventRounds "11"]
[EventCountry "USA"]
[SourceTitle "EXT 2024"]
[Source "ChessBase"]
[SourceDate "2023.10.10"]
[SourceVersion "1"]
[SourceVersionDate "2023.10.10"]
[SourceQuality "1"]

1. e4 e6 2. d4 d5 3. Nc3 Nf6 4. e5 Nfd7 5. f4 c5 6. Nf3 Nc6 7. Be3 a6 8. Qd2 b5 9. Nd1 Qb6 10. c3 c4 11. Be2 b4 12. 0-0 g6 13. h3 a5 14. Bf2 Be7 15. Kh1 Ba6 16. g4 0-0-0 17. Ne3 h5 18. g5 Kb7 19. h4 Ka7 20. Rfb1 Rb8 21. Qc2 Rb7 22. a3 bxa3 23. bxa3 Qc7 24. Rxb7+ Qxb7 25. Rb1 Qc7 26. a4 Rb8 27. Nd2 Rxb1+ 28. Qxb1 Nb6 29. Qa2 Bc8 30. Nexc4 dxc4 31. Nxc4 Nd5 32. Qb3 Qb7 33. Qb5 Bd8 34. Bf3 Qxb5 35. axb5 Nce7 36. Nd6 a4 37. Bd1 Nxc3 38. d5+ Bb6 39. Bxb6+ Kxb6 40. Bc2 a3 41. Bb3 Nexd5 0-1

[Event "Titled Tuesday intern op 21st Mar Late"]
[Site "Chess.com INT"]
[Date "2023.03.21"]
[Round "5"]
[White "Goncalves, Davi Sulzbacher"]
[Black "Jaferian, Koosha"]
[Result "1-0"]
[WhiteElo "2282"]
[BlackElo "2242"]
[PlyCount "81"]
[EventDate "2023.03.21"]
[EventType "swiss (blitz)"]
[EventRounds "11"]
[EventCountry "USA"]
[SourceTitle "EXT 2024"]
[Source "ChessBase"]
[SourceDate "2023.10.10"]
[SourceVersion "1"]
[SourceVersionDate "2023.10.10"]
[SourceQuality "1"]

1. Nf3 c5 2. g3 g6 3. Bg2 Bg7 4. 0-0 Nc6 5. c4 e5 6. Nc3 d6 7. d3 Nge7 8. a3 a5 9. Rb1 0-0 10. Bd2 h6 11. Ne1 Be6 12. Nc2 d5 13. cxd5 Nxd5 14. Ne3 Nde7 15. Re1 Kh7 16. Qa4 Qd7 17. Rbc1 b6 18. Nc4 Rab8 19. Nb5 Bd5 20. Bxd5 Qxd5 21. Qb3 Rfd8 22. a4 Nf5 23. e4 Nfd4 24. exd5 Nxb3 25. dxc6 Nxc1 26. c7 Nxd3 27. Rd1 Rbc8 28. cxd8Q Rxd8 29. Bc3 e4 30. Bxg7 Kxg7 31. Nxb6 f5 32. Nc4 Ra8 33. b3 Kf7 34. f3 Kf6 35. fxe4 fxe4 36. Kf1 Kg5 37. Ke2 Rf8 38. Rf1 Ra8 39. Nbd6 Nb4 40. Rf4 h5 41. Nf7# 1-0

[Event "Titled Tuesday intern op 21st Mar Late"]
[Site "Chess.com INT"]
[Date "2023.03.21"]
[Round "4"]
[White "Jaferian, Koosha"]
[Black "Kovalevsky, Stanislav"]
[Result "1-0"]
[WhiteElo "2242"]
[BlackElo "2237"]
[PlyCount "31"]
[EventDate "2023.03.21"]
[EventType "swiss (blitz)"]
[EventRounds "11"]
[EventCountry "USA"]
[SourceTitle "EXT 2024"]
[Source "ChessBase"]
[SourceDate "2023.10.10"]
[SourceVersion "1"]
[SourceVersionDate "2023.10.10"]
[SourceQuality "1"]

1. e4 e6 2. d4 d5 3. Bd3 c5 4. exd5 Qxd5 5. Nc3 Qxd4 6. Nb5 Qe5+ 7. Ne2 g5 8. f4 gxf4 9. Bxf4 Qxb2 10. Nc7+ Ke7 11. Nxa8 Nc6 12. Nc7 Bg7 13. Rb1 Qxa2 14. 0-0 Nf6 15. Bc4 Qxc4 16. Qd6# 1-0

[Event "Titled Tuesday intern op 21st Mar Late"]
[Site "Chess.com INT"]
[Date "2023.03.21"]
[Round "9"]
[White "Jaferian, Koosha"]
[Black "Miszler, Levente"]
[Result "1-0"]
[WhiteElo "2242"]
[BlackElo "2260"]
[PlyCount "57"]
[EventDate "2023.03.21"]
[EventType "swiss (blitz)"]
[EventRounds "11"]
[EventCountry "USA"]
[SourceTitle "EXT 2024"]
[Source "ChessBase"]
[SourceDate "2023.10.10"]
[SourceVersion "1"]
[SourceVersionDate "2023.10.10"]
[SourceQuality "1"]

1. d4 Nf6 2. c4 e6 3. Nf3 b6 4. g3 Bb7 5. Bg2 Be7 6. 0-0 0-0 7. Nc3 Ne4 8. Nxe4 Bxe4 9. Ne1 Bxg2 10. Nxg2 d6 11. e4 Nd7 12. Be3 e5 13. d5 f5 14. exf5 Rxf5 15. f4 Qf8 16. Qd3 g6 17. Rae1 Re8 18. Qa3 a5 19. Qa4 Nc5 20. Bxc5 bxc5 21. fxe5 dxe5 22. Rxf5 gxf5 23. Rxe5 Rb8 24. Qc2 Qg7 25. Qxf5 Bd6 26. Re2 Rxb2 27. Qe6+ Kh8 28. Qe8+ Bf8 29. Rxb2 1-0